Tous les Rangs de League of Legends - Statistiques

Statistiques générales
  • Ce quiz a été pris 148 fois
  • Le résultat moyen est 27 sur 31
Statistiques - réponses
Rangs de League of Legends % Correct
Challenger
93%
Fer I
92%
Argent I
91%
Master
91%
Argent II
90%
Argent III
90%
Bronze I
90%
Fer II
90%
Fer III
90%
Bronze II
89%
Argent IV
88%
Bronze III
88%
Fer IV
88%
GrandMaster
88%
Platine I
87%
Platine II
86%
Platine III
86%
Bronze IV
85%
Diamant I
85%
Diamant II
85%
Diamant III
85%
Platine IV
85%
Diamant IV
83%
Emeraude I
83%
Emeraude II
82%
Emeraude III
82%
Emeraude IV
81%
Or I
76%
Or II
76%
Or III
75%
Or IV
73%
Aucun quiz correspondant
Distribution des résultats
% des personnes avec chaque résultat
Percentile par nombre de réponses
Votre historique - résultats
Vous n’avez pas pris ce quiz